000 00489nam a2200181Ia 4500
008 240925s9999 xx 000 0 und d
020 _a9788126510900
082 _a621.317 MOH
100 _aMohan, NED
245 0 _aPower Electronics: converters applications and design
250 _a3rd
260 _aNew Delhi:
_bJohn Wiley & Sons
_c,2006.
300 _a302p.
_bNA
_fPhotocopy
500 _aIncludes Index
600 _aElectronic Engineering
650 _aTechnology
942 _cBK
999 _c9807
_d9807